Central Library OPAC University of Rajshahi

Stability and change in development : (Record no. 1537)

MARC details
000 -LEADER
fixed length control field 01193pam a2200313 a 4500
001 - CONTROL NUMBER
control field 1537
003 - CONTROL NUMBER IDENTIFIER
rucl marc code BD-RjUL
005 - DATE AND TIME OF LATEST TRANSACTION
control field 20211208233344.0
008 - FIXED-LENGTH DATA ELEMENTS--GENERAL INFORMATION
fixed length control field 131208s1992 caua 100 0 eng d
020 ## - INTERNATIONAL STANDARD BOOK NUMBER
International Standard Book Number 0803938071 (cl)
International Standard Book Number 080393808X (pb)
035 ## - SYSTEM CONTROL NUMBER
System control number (BD-RjUL)1562
040 ## - CATALOGING SOURCE
Original cataloging agency DLC
Transcribing agency DLC
Modifying agency DLC
-- BD-RjUL
Language of cataloging eng
041 ## - LANGUAGE CODE
Language code of text/sound track or separate title eng
082 00 - DEWEY DECIMAL CLASSIFICATION NUMBER
Classification number 155.072
Edition number 20
Author mark and year STA
245 00 - TITLE STATEMENT
Title Stability and change in development :
Remainder of title a study of methodological reasoning /
Statement of responsibility, etc. edited by Jens B. Asendorpf, Jaan Valsiner.
260 ## - PUBLICATION, DISTRIBUTION, ETC. (IMPRINT)
Place of publication, distribution, etc. Newbury Park :
Name of publisher, distributor, etc. Sage,
Date of publication, distribution, etc. c1992.
300 ## - PHYSICAL DESCRIPTION
Pagination xxii, 264 p. :
Illustrations ill. ;
Size 22 cm.
500 ## - GENERAL NOTE
General note Based on a conference held in the Benedictine Convent of Bernried, F.R.G., in July 1989.
504 ## - BIBLIOGRAPHY, ETC. NOTE
Bibliography, etc Includes bibliographical references.
650 #0 - SUBJECT ADDED ENTRY--TOPICAL TERM
Topical term or geographic name as entry element Developmental psychology
General subdivision Methodology
-- Congresses.
9 (RLIN) 5078
700 1# - ADDED ENTRY--PERSONAL NAME
Personal name Asendorpf, Jens.
Personal name Valsiner, Jaan.
856 42 - ELECTRONIC LOCATION AND ACCESS
Materials specified Publisher description
Uniform Resource Identifier <a href="http://www.loc.gov/catdir/enhancements/fy0655/91030890-d.html">http://www.loc.gov/catdir/enhancements/fy0655/91030890-d.html</a>
Materials specified Table of contents only
Uniform Resource Identifier <a href="http://www.loc.gov/catdir/enhancements/fy0655/91030890-t.html">http://www.loc.gov/catdir/enhancements/fy0655/91030890-t.html</a>
942 ## - ADDED ENTRY ELEMENTS (KOHA)
Source of classification or shelving scheme Dewey Decimal Classification
Koha item type Books
Holdings
Lost status Source of classification or shelving scheme Damaged status Not for loan Collection code Permanent Location Current Location Shelving location Date acquired Source of acquisition Cost, normal purchase price Total Checkouts Full call number Date last seen Copy number Koha item type
  Dewey Decimal Classification   Not For Loan Non-fiction Central Library, University of Rajshahi Central Library, University of Rajshahi Reading Room 27/03/1996 Utharbanga Library Rajsha 1188.60   155.072 STA 1992 08/12/2013 C-1 Books